| 000 | 00552cam a2200145 4500500 | ||
|---|---|---|---|
| 005 | 20260208002338.0 | ||
| 041 | _afre | ||
| 042 | _adc | ||
| 100 | 1 | 0 |
_aLézé, Samuel _eauthor |
| 245 | 0 | 0 | _aMuriel Darmon, Devenir anorexique. Une approche sociologique, Paris, La Découverte, 2003, 350 p., bibl. («Laboratoire de sciences sociales») |
| 260 | _c2005. | ||
| 500 | _a64 | ||
| 786 | 0 | _nL'Homme | 173 | 1 | 2005-01-01 | p. 199zd-283zd | 0439-4216 | |
| 856 | 4 | 1 | _uhttps://shs.cairn.info/revue-l-homme-2005-1-page-199zd?lang=fr&redirect-ssocas=7080 |
| 999 |
_c1645944 _d1645944 |
||